000 00478cam a2200181ua 4500
020 _a81-224-0551-7
_c110.00
041 _aeng
_h
082 _a005.133
_bJAY/CL
100 _aJayasri, J .
245 _a`C` Language trainer with C graphics and C++ /
_cJ Jayasri.
_hTextual Documents
250 _a1 /
_b.
260 _aNew Delhi :
_bNew Age International Ltd ,
_c1998.
300 _a262 ; .
365 _a110.00
504 _a
942 _cBK
999 _c9102
_d9102